00988nam a22002417a 450000500170000000800410001702000180005804000070007604100080008308200200009110000210011124500600013226000440019230000270023636500580026352002700032165000360059165000310062765000150065865000230067365000270069670000230072320230308092058.0230308b ||||| |||| 00| 0 eng d a9788194501473 cAL aeng 223a230.2bKOZS aJob Kozhamthadam aScience catholicism interfacing:bSome new perspectives aBengalurubDharmaram Publicationsc2020 axii,268p.bPBc21x14cm 2Psychologya02302b600.00c₹d600.00e0f01-12-2022 aAlthough in recent times a long chain of writings has been appearing in the area of science religion interfacing, they have been mostly from scholars in the West. This book is and attempt to present some activities in this field in the Eastern sector of the globe. aModern Science and Christianity aGalileo Church Controversy aVatican II aGenetic Revolution aChristian Contribution aKOZHAMTHADAM (Job)